000 00419nam a22001697a 4500
005 20160530104421.0
008 160530b xxu||||| |||| 00| 0 eng d
020 _a81-259-1532-X
041 _aeng
082 _b5989
100 _aRaju, M.S & others
_91492
245 _aConsumer Behaviour
260 _aNew Delhi
_bVikas Publishing House (P) Ltd.
_c2005
300 _a341
650 _aManagement
_9241
942 _cBK
999 _c2112
_d2111